Southampton FC Squad 2015-2016 - Statistics

General Stats
  • This quiz has been taken 25 times
  • The average score is 20 of 31
Answer Stats
# Position Nation Player % Correct
10 FW Senegal Sadio Mané
100%
6 DF Portugal José Fonte
95%
11 MF Serbia Dušan Tadić
90%
16 MF England James Ward-Prowse
90%
3 DF Japan Maya Yoshida
90%
7 FW Ireland Shane Long
90%
12 MF Kenya Victor Wanyama
90%
19 FW Italy Graziano Pellè
85%
2 DF Portugal Cédric Soares
80%
1 GK England Kelvin Davis
80%
- Coach Netherlands Ronald Koeman
80%
8 MF Northern Ireland Steven Davis
80%
44 GK England Fraser Forster
75%
4 MF Netherlands Jordy Clasie
75%
14 MF Spain Oriol Romeu
70%
17 DF Netherlands Virgil van Dijk
70%
28 FW England Charlie Austin
60%
15 DF Curaçao Cuco Martina
60%
25 GK Argentina Paulo Gazzaniga
60%
22 GK Netherlands Maarten Stekelenburg
55%
9 FW England Jay Rodriguez
50%
21 DF England Ryan Bertrand
50%
23 MF Uruguay Gastón Ramírez
40%
33 DF England Matt Targett
40%
26 DF Sierra Leone Steven Caulker
40%
20 FW Spain Juanmi
35%
5 DF Romania Florin Gardoș
30%
27 FW Wales Lloyd Isgrove
25%
40 FW England Sam Gallagher
25%
18 MF England Harrison Reed
20%
45 FW England Ryan Seager
20%
No matching quizzes found
Score Distribution
Percent of People with Each Score
Percentile by Number Answered
Your Score History
You have not taken this quiz